000 01292nam a2200385 c 4500
001 45742
003 ES-MaCES
005 20160524125829.0
008 150120s2014 sp | ||||o000 ||spa d
017 _aV 437-2014
_bDL
020 _a9788470889776 (INAP)
020 _a9788490536629 (Tirant lo Blanch)
024 7 _a635-14-007-5
_2nipo
040 _aES-MaCES
_bspa
_cES-MaCES
_erdc
100 1 _935604
_aAcosta, Pablo
245 1 0 _aDerecho de la seguridad, responsabilidad policial y penitenciaria
_cPablo Acosta Gallo
260 _a[Madrid]
_bINAP
_aValencia
_bTirant lo Blanch
_c2014
300 _a237 p.
_c22 cm
490 0 _aTirant "Criminología y educación social". Serie menor
504 _aBibliografía: p. 231-237
650 4 _aseguridad ciudadana
_931101
650 4 _aservicios públicos
_927230
650 4 _apatrimonio
_931001
650 4 _aresponsabilidad del Estado
_931208
650 4 _apolicía
_927199
650 4 _aprisión
_927054
650 4 _arégimen penitenciario
_931048
650 4 _aderecho penal
_927159
650 4 _aderecho jurisprudencial
_929863
650 4 _aEspaña
_926964
653 1 0 _aDerecho penal
830 0 _935605
_aTirant "Criminología y educación social"
_pSerie menor
902 _aLIB Libro
942 _2CES
_cBK
_h6.0.8.
999 _c45742
_d45742